Pleistocén : historie výzkumů na území bývalého Československa /

Hlavní autor: Musil, Rudolf, 1926-2022
Další autoři: Karásek, Jaromír, 1942-, Valoch, Karel, 1920-2013
Jazyk: Čeština
Vydáno: Brno : Masarykova univerzita, 1999
Vydání: 1. vyd.
Edice: Folia historica
Témata:
Fyzický popis: 175 s. ; 24 cm
Knihy
Uloženo v:
LEADER 01833nam a2200481 a 4500
001 000462834
003 CZ BrMZK
005 20210122162407.0
007 ta
008 000115s1999 xr f 0 cze d
015 |a cnb000884572 
020 |a 80-210-2197-7 
035 |a (OCoLC)45491565 
040 |a BOA001  |b cze 
043 |a e-cs--- 
072 7 |a 551  |x Geologie. Meteorologie. Klimatologie  |2 Konspekt  |9 7 
080 |a 551.7"628.62"  |2 MRF 
080 |a 551.4  |2 MRF 
080 |a 551.7  |2 MRF 
080 |a 550.8  |2 MRF 
080 |a (437)  |2 MRF 
080 |a (048.8)  |2 MRF 
100 1 |a Musil, Rudolf,  |d 1926-2022  |7 jk01082523  |4 aut 
245 1 0 |a Pleistocén :  |b historie výzkumů na území bývalého Československa /  |c Rudolf Musil, Jaromír Karásek, Karel Valoch 
250 |a 1. vyd. 
260 |a Brno :  |b Masarykova univerzita,  |c 1999 
300 |a 175 s. ;  |c 24 cm 
490 1 |a Folia historica ;  |v 69 
500 |a Bibliogr. 
650 0 7 |a pleistocén  |7 ph134965  |2 czenas 
650 0 7 |a geomorfologie  |7 ph114625  |z Československo  |2 czenas 
650 0 7 |a stratigrafie  |7 ph126131  |z Československo  |2 czenas 
650 0 7 |a geologický výzkum  |7 ph117197  |z Československo  |2 czenas 
650 0 7 |a historická geologie  |7 ph114666  |z Československo  |2 czenas 
655 7 |a monografie  |7 fd132842  |2 czenas 
700 1 |a Karásek, Jaromír,  |d 1942-  |7 ola2003200939  |4 aut 
700 1 |a Valoch, Karel,  |d 1920-2013  |7 jk01141319  |4 aut 
830 0 |a Folia historica 
910 |a BOA001  |b 2-1068.820 
990 |a BK 
996 6 |b 2610108043  |c 2-1068.820  |l MZK  |r Sklad / do 1 hodiny  |n 0  |p p.v.  |w 000462834  |u 000010  |a 1  |e BOA001  |j MZK50  |s P 
996 7 |b 2610108455  |c 2-1068.820  |l MZK  |r Sklad / do 1 hodiny  |n 12  |p kup  |w 000462834  |u 000020  |a 1  |e BOA001  |j MZK50  |s A 
996 7 |b 2610108456  |c 2-1068.820  |l MZK  |r Sklad / do 1 hodiny  |n 8  |p kup  |w 000462834  |u 000030  |a 1  |e BOA001  |j MZK50  |s A